000 01513nam0a22003491 4500
001 rc\2806308
005 20240826135506.0
035 _a(NLR Aleph) 006932218
090 _a7559187
_c7559187
100 _a20110915d1936 |||y0rusy50 ca
101 0 _arus
102 _aRU
105 _aa z |||||
135 _acrcn 024anaba
200 1 _aРазрезная модель карбюратора "Энсайн АЕ" трактора Ч.Т.З. Сталинец 60
_eМетодич. руководство к пособию
_fС. В. Петров, ассист. Кафедры автомоб. и тракторов ЛАДИ
_gПод ред. проф. В. Э. Вейрих
210 _aЛенинград
_cТехучпособие - ГУУЗ НКТП
_d1936
_gтип. "Сов. печатник"
215 _a12 с.
_cчерт.
_d19х13 см.
300 _aБеспл. прил. к пособию № 693
325 _aКопия доступна в Электрон. б-ке РНБ
700 1 _aПетров
_bС. В.
702 1 _aВейрих
_bВ. Э.
_4340
801 0 _aRU
_bNLR
_gpsbo
801 1 _aRU
_bELAR
_2rusmarc
852 _aNLR
_j36-10/405
856 0 _uhttps://vivaldi.nlr.ru/bx000075797/view
856 1 _uhttps://vivaldi.nlr.ru/bx000075797/cover
856 2 _uhttps://vivaldi.nlr.ru/bx000075797/text
901 _eКнижные издания
942 _cBOOK
980 _aNB